| 000 | 00458nam a2200169Ia 4500 | ||
|---|---|---|---|
| 008 | 230711s9999||||xx |||||||||||||| ||und|| | ||
| 020 | _a978-0-07-008798-9 | ||
| 041 | _aENG | ||
| 082 |
_a671 _bRA-M |
||
| 100 | _aRao,P.N | ||
| 245 | 0 | _aManufacturing technology -vol-1( foundry,forming and welding) | |
| 250 | _a3rd Ed. | ||
| 260 |
_c2012 _aNew Delhi _bTata McGraw Hill Education Limited |
||
| 300 | _a502 | ||
| 650 | _aMechanical Engineering | ||
| 942 | _cBK | ||
| 999 |
_c5521 _d5521 |
||